000 00256nam a22001217a 4500
008 170313b xxu||||| |||| 00| 0 eng d
041 _aeng
080 _a591
100 _a7
101 _aSHM
245 _aELEMENTES OF ZOOLOGY
_cWEISZ.P.B
942 _2udc
_cBK
999 _c7680
_d7680